000 00944nam a22002175i 4500
001 158562
003 ES-MaACL
005 20250627063652.0
008 990212s1842 fr |||| | fre d
100 1 _aMalebranche, Nicolás de,
_d1638-1715
_9129377
245 1 0 _aOeuvres de Malebranche.
_nI.
250 _aNouvelle éd. collationnée sur les meilleurs textes, et précédée d'une introduction par Jules Simon.
260 _aParis :
_bCharpentier,
_c1842 (
_fBéthune et Plon)
300 _a1 v. ;
_c19 cm.
505 8 _aContiene: I. Première série: Entretiens métaphysiques ; Meditations ; Traité de l'amour de Dieu ; Entretien d'un philosophe chrétien et d'un philosophe chinois
600 1 7 _aMalebranche, Nicolás de,
_d1638-1715-
_xObras atribuidas
_2
_9129378
700 1 _aSimon, Jules,
_d1814-1896
_9224189
752 _aFrancia -
_dParís
852 _aES-MaACL
_jD-4901
_z- Enc. hol.
999 _c158562
_d158562